Statistiken für Länder, die Russland am Nächsten Liegen

Klicken Sie hier um das Quiz zu spielen!

Allgemein

  • Dieses Quiz wurde 556 mal gespielt
  • Das Durchschnittsergebnis liegt bei 17 aus 20

Antwortstatistiken

kmLand% Korrekt
0China
98%
0Finnland
97%
0Lettland
97%
0Estland
96%
0Litauen
96%
0Mongolei
96%
0Ukraine
95%
0Weißrussland
95%
0Kasachstan
94%
0Polen
93%
0Georgien
91%
110Armenien
88%
0Aserbaidschan
86%
0Norwegen
86%
0Nordkorea
83%
43Japan
80%
208Schweden
80%
136Türkei
72%
4Vereinigte Staaten
65%
165Iran
55%

Verteilung der Resultate

Perzentil nach korrekt beantworteten Fragen

Anzahl Personen mit jedem Resultat

Ihre Resultats-Entwicklung

Sie haben dieses Quiz noch nicht gespielt